Statistics for Amazon.com's 19 Subsidiaries

Click here to take the quiz!

General Stats

  • This quiz has been taken 9 times
  • The average score is 2 of 19

Answer Stats

Amazon Subsidiaries% Correct
Whole Foods Market
63%
Audible
38%
Woot!
25%
Twitch
25%
Goodreads
25%
AbeBooks.com
13%
IMDb - UK
13%
IMDb
13%
A9
13%
Amazon Robotics
13%
DPReview
0%
Fabric.com
0%
CreateSpace
0%
ComiXology
0%
Book Depository
0%
Junglee
0%
Souq.com
0%
Audible-JP
0%
Evi Technologies
0%

Score Distribution

Percentile by Number Answered

Percent of People with Each Score

Your Score History

You have not taken this quiz